Largest Universities by Enrollment - Statistics

General Stats
  • This quiz has been taken 158 times
  • The average score is 27 of 50
Answer Stats
Students University % Correct
46,676 UCLA
93%
51,913 Texas
92%
52,855 Michigan
88%
60,617 Arizona
87%
60,489 Florida
87%
61,443 Ohio State
87%
43,701 Florida State
83%
41,615 Georgia
82%
50,097 Washington
82%
40,846 Alabama
80%
77,000+ Texas A&M
80%
74,795 Arizona State
79%
73,250 Penn State
78%
52,089 Michigan State
76%
48,242 Indiana
75%
68,366 Minnesota
75%
48,557 Wisconsin
75%
56,403 Illinois
73%
47,000+ Southern California
72%
38,428 Colorado
70%
30,799 Iowa
67%
61,890 New York
65%
66,320 Central Florida
61%
40,813 Maryland
59%
50,408 Purdue
59%
67,000+ Rutgers
59%
38,000+ Virginia Tech
58%
41,045 Texas Tech
57%
38,000+ North Carolina State
56%
46,676 Houston
53%
50,000+ South Florida
53%
30,177 Iowa State
51%
37,000+ San Diego State
42%
140,000+ Liberty
35%
37,350 UC Irvine
35%
53,235 Cincinnati
34%
51,312 UC Davis
34%
25,000+ Baylor
33%
56,000+ Florida International
32%
30,530 Temple
28%
40,678 Texas State
28%
43,381 UC San Diego
24%
46,000+ North Texas
22%
39,530 California State - Long Beach
16%
45,699 UC Berkley
16%
41,962 California State
10%
43,521 George Mason
10%
36,000+ California State - Northridge
5%
45,152 Kennesaw State
5%
44,653 Utah Valley
5%
No matching quizzes found
Score Distribution
Percent of People with Each Score
Percentile by Number Answered
Your Score History
You have not taken this quiz